| 000 | 00628cam a22001931 4500 | ||
|---|---|---|---|
| 082 |
_a532 _bDAU |
||
| 100 | 1 |
_aDaugherty, Robert L. _93057 |
|
| 245 | 1 | 0 |
_aFluid mechanics, _bwith engineering applications _c[by] R. L. Daugherty [and] A. C. Ingersoll. |
| 250 | _a5th ed. | ||
| 260 |
_aNew York, _bMcGraw-Hill, _c1954. |
||
| 300 |
_a472 p. _billus. _c24 cm. |
||
| 500 | _aPrevious editions published under title: Hydraulics. | ||
| 526 |
_a0 _b0 _c0 _d532_000000000000000_DAU |
||
| 526 |
_a0 _b0 _c0 _d532_000000000000000_DAU |
||
| 650 | 0 | _aHydraulics. | |
| 650 | 0 |
_aMCE _9379 |
|
| 700 | 1 |
_aIngersoll, A. C. _939589 |
|
| 942 |
_2ddc _cBK |
||
| 999 |
_c544049 _d544049 |
||